| 000 | 00372nam a2200133 i 4500 | ||
|---|---|---|---|
| 001 | bg | ||
| 245 | 0 |
_aNagrody państwowe w latach 1948-1955, 1964-1972 : _binformator / _cKomitet Nagród Państwowych. |
|
| 260 |
_aWrocław, _c1973. |
||
| 710 | _aKomitet Nagród Państwowych | ||
| 040 | _cBPK | ||
| 041 | _apol | ||
| 942 | _cKS | ||
| 008 | s pl f |000 0 pol | ||
| 999 |
_c26648 _d26648 |
||
| 856 |
_uhttp://koha.tu.koszalin.pl/cgi-bin/koha/opac-detail.pl?biblionumber=26648 _yKatalog online BPK |
||